[Event "FRA-chT Top 16 GpB"]
[Site "Belfort"]
[Date "2025.05.28"]
[Round "7.2"]
[White "Harikrishna, Pentala"]
[Black "Suleymanli, Aydin Elshan"]
[Result "1-0"]
[WhiteElo "2707"]
[BlackElo "2617"]
[PlyCount "57"]
[EventDate "2025.05.22"]
[EventType "team-tourn"]
[EventRounds "7"]
[EventCountry "FRA"]
[SourceTitle "CB22_2025"]
[SourceDate "2025.05.28"]
[SourceVersion "1"]
[SourceVersionDate "2025.05.28"]
[SourceQuality "1"]
[WhiteTeam "Asnieres"]
[BlackTeam "Marseille"]
[WhiteTeamCountry "FRA"]
[BlackTeamCountry "FRA"]

1. e4 e5 2. Nf3 Nc6 3. Bb5 a6 4. Ba4 Nf6 5. 0-0 Be7 6. d3 b5 7. Bb3 d6 8. c3 0-0 9. Bc2 d5 10. Nbd2 Bb7 11. Re1 dxe4 12. dxe4 Bc5 13. Qe2 Bb6 14. a4 Qd6 15. Nf1 Ng4 16. Ne3 Nxe3 17. Bxe3 Bxe3 18. Qxe3 Na5 19. Qe2 b4 20. Rad1 Qe7 21. cxb4 Qxb4 22. Nxe5 Rfe8 23. Nf3 Qxb2 24. e5 g6 25. Ng5 Qc3 26. e6 fxe6 27. Rd3 Qc4 28. Nxh7 Red8 29. Nf6+ 1-0

[Event "FRA-chT Top 16 GpB"]
[Site "Belfort"]
[Date "2025.05.22"]
[Round "1.1"]
[White "Suleymanli, Aydin Elshan"]
[Black "Schlosser, Philipp"]
[Result "1-0"]
[WhiteElo "2617"]
[BlackElo "2472"]
[PlyCount "81"]
[EventDate "2025.05.22"]
[EventType "team-tourn"]
[EventRounds "7"]
[EventCountry "FRA"]
[SourceTitle "CB22_2025"]
[SourceDate "2025.05.28"]
[SourceVersion "1"]
[SourceVersionDate "2025.05.28"]
[SourceQuality "1"]
[WhiteTeam "Marseille"]
[BlackTeam "Bischwiller"]
[WhiteTeamCountry "FRA"]
[BlackTeamCountry "FRA"]

1. e4 c5 2. Nf3 Nc6 3. Bb5 Nf6 4. e5 Nd5 5. Nc3 Nc7 6. Bxc6 dxc6 7. d3 Bg4 8. Be3 Ne6 9. Ne4 Qc7 10. 0-0 Bxf3 11. Qxf3 Qxe5 12. Rfe1 Rd8 13. a3 b6 14. b4 Nd4 15. Qd1 c4 16. Rc1 h6 17. Nd2 c3 18. Nb1 g6 19. Nxc3 Bg7 20. Ne4 0-0 21. Ng3 Qf6 22. Qd2 Kh7 23. Bf4 Rd5 24. Re4 e5 25. Bxe5 Nf3+ 26. gxf3 Rxe5 27. Rce1 Rxe4 28. fxe4 Qb2 29. Qc1 Qxc1 30. Rxc1 Bb2 31. Rb1 Bxa3 32. Ne2 c5 33. b5 Bb4 34. Ra1 Ba5 35. Nf4 Rc8 36. Nd5 c4 37. d4 c3 38. Ra4 Kg7 39. f3 Kf8 40. Kf2 Ke8 41. Ke2 1-0

[Event "Baku op-A"]
[Site "Baku"]
[Date "2025.04.30"]
[Round "3"]
[White "Talibov, Shiroghlan"]
[Black "Suleymanli, Aydin Elshan"]
[Result "1/2-1/2"]
[WhiteElo "2423"]
[BlackElo "2617"]
[PlyCount "34"]
[EventDate "2025.04.28"]
[EventType "swiss"]
[EventRounds "9"]
[EventCountry "AZE"]
[SourceTitle "CB19_2025"]
[SourceDate "2025.05.07"]
[SourceVersion "1"]
[SourceVersionDate "2025.05.07"]
[SourceQuality "1"]

1. e4 e5 2. Nf3 Nc6 3. Bb5 a6 4. Ba4 Nf6 5. 0-0 Be7 6. Re1 b5 7. Bb3 0-0 8. a4 b4 9. d4 d6 10. dxe5 Nxe5 11. Nxe5 dxe5 12. Qe2 a5 13. Nd2 Bc5 14. Nf3 Ng4 15. Bg5 Qd6 16. Bh4 Ba6 17. Qd2 Qxd2 1/2-1/2

[Event "EU-ch 25th"]
[Site "Eforie Nord"]
[Date "2025.03.25"]
[Round "10"]
[White "Suleymanli, Aydin Elshan"]
[Black "Kourkoulos Arditis, Stamatis"]
[Result "1/2-1/2"]
[WhiteElo "2633"]
[BlackElo "2580"]
[PlyCount "110"]
[EventDate "2025.03.15"]
[EventType "swiss"]
[EventRounds "11"]
[EventCountry "ROU"]
[SourceTitle "CB13_2025"]
[SourceDate "2025.03.26"]
[SourceVersion "1"]
[SourceVersionDate "2025.03.26"]
[SourceQuality "1"]

1. e4 e5 2. Nf3 Nc6 3. Bc4 Bc5 4. c3 Nf6 5. d3 d6 6. 0-0 a6 7. a4 0-0 8. h3 h6 9. Re1 Ba7 10. Nbd2 Re8 11. b4 Be6 12. Bxe6 Rxe6 13. Bb2 Ne7 14. Nf1 Ng6 15. c4 c6 16. a5 Qd7 17. Ng3 Rae8 18. Qd2 d5 19. c5 Bb8 20. Rad1 Rd8 21. Qc2 Ree8 22. Bc1 Qe6 23. Nf5 Rd7 24. g3 Red8 25. Kg2 Bc7 26. Rd2 Ne7 27. Rde2 dxe4 28. dxe4 Rd3 29. Re3 R3d7 30. N3h4 Nxf5 31. Nxf5 Kh7 32. Rf3 Ng8 33. Rc3 g6 34. Ne3 Rd4 35. Nc4 f5 36. exf5 gxf5 37. Be3 R4d7 38. f3 e4 39. fxe4 fxe4 40. Bf2 Nf6 41. Re2 Qf5 42. Nd2 Rd3 43. Rxd3 Rxd3 44. Re3 Nd5 45. Rxd3 exd3 46. Qc4 Bxg3 47. Kxg3 Qe5+ 48. Kg2 Qg5+ 49. Kf3 Qxd2 50. Qe4+ Kg7 51. Bd4+ Kf8 52. Qf5+ Ke7 53. Qe5+ Kf7 54. Qf5+ Ke7 55. Qe5+ Kf7 1/2-1/2

[Event "EU-ch 25th"]
[Site "Eforie Nord"]
[Date "2025.03.19"]
[Round "5"]
[White "Amar, Elham"]
[Black "Suleymanli, Aydin Elshan"]
[Result "1/2-1/2"]
[WhiteElo "2533"]
[BlackElo "2633"]
[PlyCount "54"]
[EventDate "2025.03.15"]
[EventType "swiss"]
[EventRounds "11"]
[EventCountry "ROU"]
[SourceTitle "CB13_2025"]
[SourceDate "2025.03.26"]
[SourceVersion "1"]
[SourceVersionDate "2025.03.26"]
[SourceQuality "1"]

1. e4 e5 2. Nf3 Nc6 3. Bb5 a6 4. Ba4 Nf6 5. 0-0 Be7 6. Re1 b5 7. Bb3 0-0 8. a4 b4 9. d4 d6 10. dxe5 Nxe5 11. Bf4 Ng6 12. Bg3 Bb7 13. Nbd2 Nd7 14. Nc4 Nc5 15. e5 Nxb3 16. cxb3 f5 17. exd6 cxd6 18. Bxd6 Bxd6 19. Qxd6 Qxd6 20. Nxd6 Bxf3 21. gxf3 Nh4 22. Re3 Rad8 23. Rd1 Rf6 24. Red3 Nxf3+ 25. Rxf3 Rfxd6 26. Rxd6 Rxd6 27. Rxf5 Rd3 1/2-1/2

[Event "Moscow Aeroflot op-A"]
[Site "Moscow"]
[Date "2025.03.03"]
[Round "4"]
[White "Vastrukhin, Oleg"]
[Black "Suleymanli, Aydin Elshan"]
[Result "1/2-1/2"]
[WhiteElo "2333"]
[BlackElo "2633"]
[PlyCount "66"]
[EventDate "2025.03.01"]
[EventType "swiss"]
[EventRounds "9"]
[EventCountry "RUS"]
[SourceTitle "CB11_2025"]
[SourceDate "2025.03.12"]
[SourceVersion "1"]
[SourceVersionDate "2025.03.12"]
[SourceQuality "1"]

1. Nf3 Nf6 2. g3 d5 3. Bg2 e6 4. 0-0 Be7 5. c4 0-0 6. d4 c6 7. b3 b6 8. Bb2 Ba6 9. Nbd2 Nbd7 10. Re1 c5 11. e4 dxe4 12. Nxe4 Nxe4 13. Rxe4 Bf6 14. Re2 Bb7 15. Rd2 Qc8 16. Qe2 cxd4 17. Bxd4 Qc7 18. Bxf6 Nxf6 19. Qe5 Qe7 20. Qd6 Qxd6 21. Rxd6 Bxf3 22. Bxf3 Rac8 23. a4 Rfd8 24. Rxd8+ Rxd8 25. a5 g5 26. b4 Rd3 27. Bc6 Rb3 28. b5 Rc3 29. axb6 axb6 30. Ra6 Rxc4 31. Rxb6 Kg7 32. h3 h5 33. Ra6 Nd5 1/2-1/2

[Event "Moscow Aeroflot op-A"]
[Site "Moscow"]
[Date "2025.03.02"]
[Round "3"]
[White "Suleymanli, Aydin Elshan"]
[Black "Timoshin, Maxim"]
[Result "1-0"]
[WhiteElo "2633"]
[BlackElo "2381"]
[PlyCount "89"]
[EventDate "2025.03.01"]
[EventType "swiss"]
[EventRounds "9"]
[EventCountry "RUS"]
[SourceTitle "CB11_2025"]
[SourceDate "2025.03.12"]
[SourceVersion "1"]
[SourceVersionDate "2025.03.12"]
[SourceQuality "1"]

1. e4 c5 2. Nf3 d6 3. d4 cxd4 4. Nxd4 Nf6 5. Nc3 Nc6 6. Bg5 e6 7. Qd2 a6 8. 0-0-0 Bd7 9. f4 b5 10. Bxf6 gxf6 11. Kb1 Qb6 12. Nce2 h5 13. h4 Rd8 14. Rh3 Bh6 15. Nxc6 Bxc6 16. Ng3 d5 17. Qc3 Bg7 18. Ne2 b4 19. Qg3 Kf8 20. e5 Bb5 21. Nc1 Rc8 22. Bxb5 Qxb5 23. Nd3 Rh6 24. Qf2 f5 25. Ne1 a5 26. Nf3 Rg6 27. Ng5 Qc5 28. Qd2 Ke7 29. a3 Bh8 30. axb4 axb4 31. Rb3 Rb8 32. Qd4 Qa5 33. c3 f6 34. Rxb4 Rgg8 35. Ra4 Qb5 36. Ra7+ Ke8 37. c4 Qb3 38. Rd3 Qxc4 39. Re7+ Kf8 40. Rf7+ Ke8 41. Re7+ Kf8 42. exf6 Rxb2+ 43. Kxb2 Qxd4+ 44. Rxd4 Bxf6 45. Rf7+ 1-0

[Event "Chessable Masters Play In"]
[Site "Chess.com INT"]
[Date "2025.02.17"]
[Round "1"]
[White "Sokolovsky, Yahli"]
[Black "Suleymanli, Aydin Elshan"]
[Result "1-0"]
[WhiteElo "2552"]
[BlackElo "2623"]
[PlyCount "77"]
[EventDate "2025.02.17"]
[EventType "swiss (blitz)"]
[EventRounds "9"]
[EventCountry "USA"]
[SourceTitle "CB08_2025"]
[SourceDate "2025.02.19"]
[SourceVersion "1"]
[SourceVersionDate "2025.02.19"]
[SourceQuality "1"]

1. d4 Nf6 2. Nf3 e6 3. e3 d5 4. c4 a6 5. b3 Be7 6. Bd3 0-0 7. 0-0 b6 8. cxd5 exd5 9. Ba3 Bb7 10. Bxe7 Qxe7 11. Nc3 Nbd7 12. Rc1 Rfe8 13. Ne2 c5 14. dxc5 bxc5 15. Ng3 g6 16. a3 Qf8 17. b4 c4 18. Bc2 a5 19. Rb1 axb4 20. Rxb4 Bc6 21. Nd4 Rec8 22. Qa1 Qc5 23. Rfb1 Ra7 24. Nge2 Rca8 25. a4 Ra6 26. Nc3 Ra5 27. Qa3 Kg7 28. Qb2 Kg8 29. h3 R8a7 30. Qa3 Kg7 31. Qb2 Kg8 32. Qc1 Ba8 33. Qd1 Kg7 34. Qf3 Ne5 35. Qg3 Nd3 36. Bxd3 cxd3 37. Nf5+ Kf8 38. Rb8+ Ne8 39. Qe5 1-0

[Event "Chessable Masters Play In"]
[Site "Chess.com INT"]
[Date "2025.02.17"]
[Round "4"]
[White "Suleymanli, Aydin Elshan"]
[Black "Theodorou, Nikolas"]
[Result "0-1"]
[WhiteElo "2623"]
[BlackElo "2611"]
[PlyCount "114"]
[EventDate "2025.02.17"]
[EventType "swiss (blitz)"]
[EventRounds "9"]
[EventCountry "USA"]
[SourceTitle "CB08_2025"]
[SourceDate "2025.02.19"]
[SourceVersion "1"]
[SourceVersionDate "2025.02.19"]
[SourceQuality "1"]

1. d4 e6 2. c4 b6 3. Nc3 Bb7 4. a3 Nf6 5. Nf3 g6 6. Qc2 c5 7. d5 exd5 8. cxd5 Nxd5 9. e4 Nc7 10. Bg5 f6 11. Bf4 Ne6 12. Be3 Nc6 13. 0-0-0 Qe7 14. Nd5 Qf7 15. Bc4 0-0-0 16. Rhe1 Kb8 17. Nf4 Bh6 18. g3 Ne5 19. Nxe5 fxe5 20. Ne2 Bxe3+ 21. fxe3 Qf2 22. Qc3 Rhe8 23. Bd5 Nc7 24. Bxb7 Kxb7 25. Qc4 Qxe3+ 26. Kb1 b5 27. Qc2 c4 28. Nc3 Qc5 29. Nd5 Ne6 30. Qd2 Nd4 31. Qh6 a5 32. Qxh7 b4 33. Qxg6 c3 34. Rd3 Re6 35. Qg5 Rc8 36. bxc3 Qc4 37. Qd2 Nb3 38. Qc2 Nc5 39. Rdd1 bxa3 40. Ne3 Qb5+ 41. Ka1 a4 42. Rd5 Rb6 43. Rb1 Nb3+ 44. Ka2 Qc6 45. c4 Ka7 46. Qc3 Rcb8 47. Kxa3 d6 48. Nc2 Nc5 49. Qa5+ Ra6 50. Nb4 Qb6 51. Nxa6 Qxa5 52. Nxb8 Qc3+ 53. Ka2 Qxc4+ 54. Ka3 Qc3+ 55. Ka2 Qc2+ 56. Ka3 Qxb1 57. Nc6+ Kb6 0-1

[Event "Tata Steel-B 87th"]
[Site "Wijk aan Zee"]
[Date "2025.02.02"]
[Round "13"]
[White "Bulmaga, Irina"]
[Black "Suleymanli, Aydin Elshan"]
[Result "0-1"]
[WhiteElo "2386"]
[BlackElo "2623"]
[PlyCount "76"]
[EventDate "2025.01.18"]
[EventType "tourn"]
[EventRounds "13"]
[EventCountry "NED"]
[EventCategory "12"]
[SourceTitle "CB06_2025"]
[SourceDate "2025.02.05"]
[SourceVersion "1"]
[SourceVersionDate "2025.02.05"]
[SourceQuality "1"]

1. e4 c5 2. Nf3 e6 3. d4 cxd4 4. Nxd4 Nc6 5. Nc3 Qc7 6. Be2 a6 7. Be3 Nf6 8. 0-0 Be7 9. f4 d6 10. Kh1 0-0 11. Qe1 Nxd4 12. Bxd4 b5 13. Qg3 Bb7 14. a3 Rad8 15. Rae1 Bc6 16. Bf3 Qb7 17. Nd1 Ne8 18. c3 f6 19. Nf2 e5 20. Be3 Nc7 21. f5 d5 22. Bh5 Bd6 23. Nd3 dxe4 24. Nc5 Bxc5 25. Bxc5 Rd3 26. Qg4 Rc8 27. Be7 Nd5 28. Bc5 e3 29. Rg1 e2 30. Rxe2 Nf4 31. Be3 Nxe2 32. Qxe2 Rcd8 33. Bg4 Be4 34. Qf2 Bxg2+ 35. Rxg2 Rd1+ 36. Bxd1 Rxd1+ 37. Qg1 Rxg1+ 38. Kxg1 Qe4 0-1

[Event "Tata Steel-B 87th"]
[Site "Wijk aan Zee"]
[Date "2025.01.29"]
[Round "10"]
[White "Suleymanli, Aydin Elshan"]
[Black "Nogerbek, Kazybek"]
[Result "1-0"]
[WhiteElo "2623"]
[BlackElo "2514"]
[PlyCount "155"]
[EventDate "2025.01.18"]
[EventType "tourn"]
[EventRounds "13"]
[EventCountry "NED"]
[EventCategory "12"]
[SourceTitle "CB06_2025"]
[SourceDate "2025.02.05"]
[SourceVersion "1"]
[SourceVersionDate "2025.02.05"]
[SourceQuality "1"]

1. e4 e5 2. Nf3 Nc6 3. Bc4 Nf6 4. d3 Be7 5. 0-0 0-0 6. Re1 d6 7. a4 Be6 8. Nbd2 Bxc4 9. Nxc4 h6 10. c3 Re8 11. b4 Bf8 12. b5 Nb8 13. Qb3 a5 14. Ba3 Re6 15. Ncd2 Nbd7 16. d4 Nh7 17. h4 Nhf6 18. g3 Ng4 19. Kg2 Ndf6 20. Qd1 Nd7 21. Qb3 Ndf6 22. Qd1 Nd7 23. Ra2 Re8 24. Qb3 Ndf6 25. Rc2 Nh5 26. Nf1 Qd7 27. Rce2 Re6 28. dxe5 Rg6 29. Bc1 Nxe5 30. c4 Qe7 31. N1h2 Re8 32. Kh1 Qe6 33. Nxe5 dxe5 34. Qf3 Nf6 35. h5 Nxh5 36. Qxh5 Qxc4 37. Rb2 Qxa4 38. Qe2 Bb4 39. Rd1 Rb6 40. Rd5 c6 41. bxc6 Rxc6 42. Be3 Rd6 43. Qb5 Qxb5 44. Rxb5 Rc6 45. Kg2 Rc4 46. Kf3 h5 47. Nf1 Re6 48. Nd2 Bxd2 49. Bxd2 b6 50. Rxb6 Rxb6 51. Rxb6 a4 52. Ra6 f6 53. Ke3 Kf7 54. Ra7+ Kg8 55. Rd7 Rc6 56. Rd3 Ra6 57. Ra3 g5 58. f4 exf4+ 59. gxf4 gxf4+ 60. Kxf4 Kf7 61. Kf5 h4 62. Bb4 Ra7 63. Be1 Ra6 64. Bb4 Ra7 65. Be1 Ra6 66. Bxh4 Ra5+ 67. Kf4 Ke6 68. Be1 Ra8 69. Bc3 Ra6 70. Bb4 Ra7 71. Rd3 Ra6 72. Ba3 Rb6 73. Rd4 Ra6 74. Rc4 Kf7 75. Kf5 Ra5+ 76. Rc5 Ra7 77. Rb5 Kg7 78. Bb2 1-0

[Event "Tata Steel-B 87th"]
[Site "Wijk aan Zee"]
[Date "2025.01.26"]
[Round "8"]
[White "Suleymanli, Aydin Elshan"]
[Black "Oro, Faustino"]
[Result "1-0"]
[WhiteElo "2623"]
[BlackElo "2447"]
[PlyCount "117"]
[EventDate "2025.01.18"]
[EventType "tourn"]
[EventRounds "13"]
[EventCountry "NED"]
[EventCategory "12"]
[SourceTitle "CB06_2025"]
[SourceDate "2025.02.05"]
[SourceVersion "1"]
[SourceVersionDate "2025.02.05"]
[SourceQuality "1"]

1. d4 Nf6 2. Bf4 c5 3. d5 Qb6 4. Nc3 d6 5. Qc1 Bf5 6. f3 g6 7. a4 Bg7 8. a5 Qd8 9. g4 Bc8 10. Bh6 Kf8 11. e4 e6 12. Nge2 exd5 13. exd5 Nbd7 14. Bg2 Ne5 15. 0-0 Ng8 16. Bxg7+ Kxg7 17. h3 h5 18. g5 Bf5 19. f4 Nd7 20. Ne4 Bxe4 21. Bxe4 Ne7 22. f5 gxf5 23. Bxf5 Ne5 24. Be4 h4 25. Nf4 N7g6 26. Bxg6 Nxg6 27. Kh2 Qd7 28. Qd2 Rae8 29. Qc3+ Ne5 30. Ng2 Rh5 31. Qd2 Kh7 32. Qf2 Qe7 33. Nf4 Rxg5 34. Qxh4+ Kg8 35. Rae1 Qf6 36. Kh1 Rf5 37. Qxf6 Rxf6 38. Nh5 Rxf1+ 39. Rxf1 Kf8 40. b3 Ke7 41. Ng7 Rh8 42. Nf5+ Kd7 43. Kg2 Ng6 44. Kg3 Ne7 45. Ne3 f5 46. h4 Rh5 47. c4 Ke8 48. Re1 Kf7 49. Ng2 Rh6 50. Nf4 Ng6 51. Nxg6 Rxg6+ 52. Kf4 Rg4+ 53. Kxf5 Rxh4 54. Re6 Rh3 55. Rxd6 Ke7 56. Rg6 Rxb3 57. a6 bxa6 58. Rc6 Kd7 59. Ke4 1-0

[Event "Titled Tuesday intern op 07th Jan Early"]
[Site "Chess.com INT"]
[Date "2025.01.07"]
[Round "1"]
[White "Suleymanli, Aydin Elshan"]
[Black "Turzo, Attila"]
[Result "1-0"]
[WhiteElo "2623"]
[BlackElo "2248"]
[PlyCount "75"]
[EventDate "2025.01.07"]
[EventType "swiss (blitz)"]
[EventRounds "11"]
[EventCountry "USA"]
[SourceTitle "CB03_2025"]
[SourceDate "2025.01.15"]
[SourceVersion "1"]
[SourceVersionDate "2025.01.15"]
[SourceQuality "1"]

1. d4 d5 2. Nf3 c6 3. g3 Bf5 4. Nh4 Bc8 5. Nc3 Nf6 6. Bg2 g6 7. e4 dxe4 8. Nxe4 Nxe4 9. Bxe4 Bg7 10. c3 Nd7 11. 0-0 0-0 12. f4 c5 13. d5 Nf6 14. Bf3 Bh3 15. Re1 Qd7 16. Be3 Rac8 17. Qe2 b5 18. Rad1 c4 19. Bd4 Rfe8 20. a3 a6 21. Qf2 Bg4 22. Ng2 Bxf3 23. Qxf3 Rcd8 24. Ne3 Qh3 25. f5 Rd7 26. fxg6 hxg6 27. Bxf6 Bxf6 28. d6 Bg7 29. Nd5 e6 30. Ne7+ Rexe7 31. dxe7 Rxe7 32. Rd8+ Bf8 33. Qf6 Ra7 34. Rxf8+ Kxf8 35. Qd8+ Kg7 36. Qd4+ Kh7 37. Qxa7 Qf5 38. Rf1 1-0

[Event "Wch Blitz"]
[Site "New York"]
[Date "2024.12.30"]
[Round "13"]
[White "Sevian, Samuel"]
[Black "Suleymanli, Aydin Elshan"]
[Result "1/2-1/2"]
[WhiteElo "2696"]
[BlackElo "2623"]
[PlyCount "96"]
[EventDate "2024.12.30"]
[EventType "swiss (blitz)"]
[EventRounds "13"]
[EventCountry "USA"]
[SourceTitle "CB01_2025"]
[SourceDate "2025.01.01"]
[SourceVersion "1"]
[SourceVersionDate "2025.01.01"]
[SourceQuality "1"]

1. e4 e5 2. Nf3 Nc6 3. Bc4 Nf6 4. d3 Bc5 5. c3 0-0 6. a4 a5 7. Bg5 h6 8. Bh4 Be7 9. Nbd2 d6 10. 0-0 Nh5 11. Bxe7 Qxe7 12. Re1 Nf4 13. d4 Qf6 14. dxe5 dxe5 15. g3 Nh3+ 16. Kg2 Bg4 17. Be2 Rad8 18. Rf1 Bxf3+ 19. Bxf3 Ng5 20. Bg4 Qd6 21. Nc4 Qxd1 22. Rfxd1 Nxe4 23. Bf3 Nc5 24. Bxc6 bxc6 25. Rxd8 Rxd8 26. Nxa5 Ra8 27. b4 f6 28. Kf3 Kf7 29. Ke3 Ke6 30. h4 g5 31. hxg5 hxg5 32. g4 Ra6 33. f3 Ra8 34. Ra2 Ra6 35. Ke2 Ra8 36. Ra3 Ra6 37. Ke3 Kd7 38. Ra1 Ke6 39. bxc5 Rxa5 40. c4 f5 41. gxf5+ Kxf5 42. Ra3 e4 43. Kd4 exf3 44. Rxf3+ Ke6 45. Ra3 Kf5 46. Rf3+ Ke6 47. Re3+ Kf5 48. Rf3+ Ke6 1/2-1/2

[Event "Wch Rapid"]
[Site "New York"]
[Date "2024.12.28"]
[Round "13"]
[White "Damjanovic, Vuk"]
[Black "Suleymanli, Aydin Elshan"]
[Result "1/2-1/2"]
[WhiteElo "2375"]
[BlackElo "2549"]
[PlyCount "77"]
[EventDate "2024.12.26"]
[EventType "swiss (rapid)"]
[EventRounds "13"]
[EventCountry "USA"]
[SourceTitle "CB01_2025"]
[SourceDate "2025.01.01"]
[SourceVersion "1"]
[SourceVersionDate "2025.01.01"]
[SourceQuality "1"]

1. Nf3 Nf6 2. g3 d5 3. Bg2 Nbd7 4. d4 Nb6 5. Nc3 c6 6. 0-0 Bf5 7. Nh4 e6 8. Nxf5 exf5 9. Qd3 g6 10. a4 Be7 11. Bh6 Ng4 12. Bf4 0-0 13. f3 Nf6 14. e4 fxe4 15. fxe4 dxe4 16. Nxe4 Nxe4 17. Bxe4 Bg5 18. c3 Bxf4 19. Rxf4 Nd7 20. Bg2 f5 21. Qc4+ Kg7 22. d5 Ne5 23. Qd4 Qf6 24. dxc6 bxc6 25. Re1 Rae8 26. Rff1 c5 27. Qd5 c4 28. Re2 Rf7 29. Rfe1 Rd7 30. Qxd7+ Nxd7 31. Rxe8 Qb6+ 32. Kh1 Nf6 33. R8e7+ Kh6 34. R7e6 Qd8 35. Bf3 Qd2 36. R1e2 Qd3 37. R6e3 Qd8 38. Kg2 Qd7 39. a5 1/2-1/2

[Event "Wch Rapid"]
[Site "New York"]
[Date "2024.12.28"]
[Round "11"]
[White "Karthik, Venkataraman"]
[Black "Suleymanli, Aydin Elshan"]
[Result "1-0"]
[WhiteElo "2411"]
[BlackElo "2549"]
[PlyCount "95"]
[EventDate "2024.12.26"]
[EventType "swiss (rapid)"]
[EventRounds "13"]
[EventCountry "USA"]
[SourceTitle "CB01_2025"]
[SourceDate "2025.01.01"]
[SourceVersion "1"]
[SourceVersionDate "2025.01.01"]
[SourceQuality "1"]

1. e4 e5 2. Nf3 Nc6 3. Bb5 Nf6 4. d3 d6 5. 0-0 a6 6. Bxc6+ bxc6 7. Re1 c5 8. c3 Bg4 9. Nbd2 Nd7 10. h3 Bh5 11. Nf1 Be7 12. g4 Bg6 13. Ng3 0-0 14. Nf5 Re8 15. Kh1 Nf8 16. Rg1 Ne6 17. h4 f6 18. Qe2 a5 19. Be3 d5 20. Rad1 Bd6 21. Qf1 Nf4 22. c4 dxe4 23. dxe4 Qd7 24. Nd2 h6 25. Nb1 Rab8 26. Rd2 Ne6 27. Nc3 Nd4 28. f3 Kh7 29. Rdg2 Bf8 30. b3 Rbd8 31. Rg3 c6 32. Qg2 Ne6 33. g5 Nf4 34. Bxf4 exf4 35. Rg4 Bxf5 36. exf5 Qxf5 37. gxh6 Kxh6 38. Rxf4 Qh5 39. Ne4 Rd4 40. Qg3 Re6 41. Rg4 Re7 42. Qb8 Re8 43. Qc7 Qf5 44. Qg3 Re7 45. Rf4 Qh5 46. Nxf6 gxf6 47. Rxf6+ Kh7 48. Qg8# 1-0

[Event "Wch Rapid"]
[Site "New York"]
[Date "2024.12.27"]
[Round "8"]
[White "Praggnanandhaa, Rameshbabu"]
[Black "Suleymanli, Aydin Elshan"]
[Result "1-0"]
[WhiteElo "2688"]
[BlackElo "2549"]
[PlyCount "123"]
[EventDate "2024.12.26"]
[EventType "swiss (rapid)"]
[EventRounds "13"]
[EventCountry "USA"]
[SourceTitle "CB01_2025"]
[SourceDate "2025.01.01"]
[SourceVersion "1"]
[SourceVersionDate "2025.01.01"]
[SourceQuality "1"]

1. d4 Nf6 2. c4 e6 3. Bf4 Bb4+ 4. Nd2 c5 5. dxc5 0-0 6. Ngf3 Bxc5 7. e3 Nc6 8. Be2 d5 9. 0-0 b6 10. cxd5 Nxd5 11. Bg3 Bxe3 12. fxe3 Nxe3 13. Qa4 Nxf1 14. Bxf1 Bb7 15. Ne4 Ne7 16. Rd1 Qe8 17. Qb4 Bxe4 18. Qxe4 Nf5 19. Be5 Rd8 20. Bd3 Qe7 21. Rc1 h5 22. h3 Qd7 23. Bb1 Qd5 24. Qe1 Rc8 25. Rd1 Qc5+ 26. Kh2 Qe3 27. Qb4 a5 28. Qa4 Rc5 29. Re1 Qf2 30. Bxf5 exf5 31. Bd4 Qc2 32. Qd7 Rc7 33. Qd6 Qc6 34. Qe5 f6 35. Qxf5 Re8 36. Rxe8+ Qxe8 37. Bxb6 Rb7 38. Qd5+ Qf7 39. Qxa5 g5 40. Bd4 g4 41. hxg4 hxg4 42. Nh4 Rd7 43. Bc3 Rd5 44. Qb6 Kg7 45. Qf2 Qe6 46. Qf4 Kf7 47. a4 Rd3 48. Nf5 Qe2 49. Qxg4 Qxg4 50. Nh6+ Ke6 51. Nxg4 f5 52. Ne5 Rd1 53. Kg3 Ra1 54. a5 Ra4 55. Kf3 Kd5 56. Nd3 Kd6 57. Nf4 Kc5 58. Ne6+ Kd5 59. Nd4 Ke5 60. g3 Ra2 61. Ke3 Ra4 62. Kd3 1-0

[Event "Wch Rapid"]
[Site "New York"]
[Date "2024.12.26"]
[Round "5"]
[White "Kacharava, Nikoloz"]
[Black "Suleymanli, Aydin Elshan"]
[Result "1/2-1/2"]
[WhiteElo "2405"]
[BlackElo "2549"]
[PlyCount "119"]
[EventDate "2024.12.26"]
[EventType "swiss (rapid)"]
[EventRounds "13"]
[EventCountry "USA"]
[SourceTitle "CB01_2025"]
[SourceDate "2025.01.01"]
[SourceVersion "1"]
[SourceVersionDate "2025.01.01"]
[SourceQuality "1"]

1. e4 e5 2. Nf3 Nc6 3. Bc4 Nf6 4. Ng5 d5 5. exd5 Na5 6. Bb5+ c6 7. dxc6 bxc6 8. Bd3 Nd5 9. Nf3 Nf4 10. Bf1 e4 11. d3 exf3 12. Bxf4 Qf6 13. Qxf3 Qxb2 14. Qe2+ Be6 15. Qe5 Bb4+ 16. Kd1 Qxe5 17. Bxe5 0-0 18. Bc3 c5 19. Be2 Rac8 20. Bf3 Rfd8 21. Ke2 Nc6 22. Bxc6 Rxc6 23. Rd1 Bd5 24. f3 Rh6 25. h3 Re6+ 26. Kf1 f5 27. a3 Bxc3 28. Nxc3 Bc6 29. Re1 Kf7 30. Kf2 c4 31. Rxe6 Kxe6 32. Re1+ Kf6 33. Ke3 cxd3 34. cxd3 Ke5 35. Kd2+ Kd6 36. Rb1 Kc5 37. Rb4 Rd6 38. Rf4 Bd7 39. Rc4+ Kb6 40. Ne2 Bc6 41. Nd4 Bd7 42. Ke3 Rd5 43. g4 fxg4 44. hxg4 Ra5 45. Nc2 Ba4 46. Nb4 Bd7 47. Rc3 g6 48. d4 h5 49. gxh5 gxh5 50. d5 h4 51. f4 h3 52. Kf3 Rc5 53. Rxc5 Kxc5 54. Kg3 a5 55. Nc6 a4 56. Nb4 Kc4 57. d6 Kc5 58. Nd3+ Kxd6 59. Nb2 Kd5 60. Nxa4 1/2-1/2

[Event "Wch Rapid"]
[Site "New York"]
[Date "2024.12.26"]
[Round "1"]
[White "Kvaloy, Aksel Bu"]
[Black "Suleymanli, Aydin Elshan"]
[Result "1/2-1/2"]
[WhiteElo "2226"]
[BlackElo "2549"]
[PlyCount "90"]
[EventDate "2024.12.26"]
[EventType "swiss (rapid)"]
[EventRounds "13"]
[EventCountry "USA"]
[SourceTitle "CB01_2025"]
[SourceDate "2025.01.01"]
[SourceVersion "1"]
[SourceVersionDate "2025.01.01"]
[SourceQuality "1"]

1. e4 e6 2. d4 d5 3. e5 c5 4. c3 Nc6 5. Nf3 Bd7 6. Be2 Nge7 7. Na3 cxd4 8. cxd4 Nf5 9. Nc2 Nb4 10. Nxb4 Bxb4+ 11. Bd2 Qb6 12. Bxb4 Qxb4+ 13. Qd2 a5 14. a3 Qb6 15. 0-0 0-0 16. Rfc1 Rfc8 17. Bd3 h6 18. Bxf5 exf5 19. Rxc8+ Rxc8 20. Rc1 Rxc1+ 21. Qxc1 Qb3 22. h4 f4 23. Qc3 Qxc3 24. bxc3 Kh7 25. Ne1 Kg6 26. f3 Bb5 27. Kf2 Kf5 28. g3 g5 29. hxg5 hxg5 30. gxf4 gxf4 31. Ng2 Bc4 32. Ke1 Bd3 33. Kf2 Kg5 34. Ne1 Bf5 35. Ng2 b6 36. Ke2 Bh3 37. Ne1 Bd7 38. Ng2 Bf5 39. Kf2 Bg6 40. Ke2 Bf5 41. Kf2 Bc8 42. Ke2 Ba6+ 43. Kf2 Bc4 44. Ke1 Kf5 45. Kf2 Kg5 1/2-1/2